书目信息 |
| 题名: |
现代实用写作原理
|
|
| 作者: | 陈果安 著 | |
| 分册: | ||
| 出版信息: | 长沙 中南工业大学出版社 1997.11 |
|
| 页数: | 372页 | |
| 开本: | 32开 | |
| 丛书名: | ||
| 单 册: | ||
| 中图分类: | H15 | |
| 科图分类: | ||
| 主题词: | 汉语--写作 , 汉语--修辞 | |
| 电子资源: | ||
| ISBN: | 7-81061-040-6 | |
| 000 | 00576nam0 2200205 45 | |
| 001 | 0007241092 | |
| 005 | 20000724105402.4 | |
| 010 | @a7-81061-040-6@d12.00元 | |
| 100 | @a20000724d1997 km y0chiy0120 ea | |
| 101 | 0 | @achi |
| 105 | @a z 000yy | |
| 200 | 1 | @a现代实用写作原理@AXian Dai Shi Yong Xie Zuo Yuan Li@f陈果安著@FChen Guo An Zhu |
| 210 | @a长沙@c中南工业大学出版社@d1997.11 | |
| 215 | @a372页@d32开 | |
| 606 | 0 | @a汉语@x写作 |
| 606 | 0 | @a汉语@x修辞 |
| 690 | @aH15@v3 | |
| 701 | 0 | @a陈果安@4著 |
| 801 | @aCN@bPftUser@c20000724 | |
| 905 | @b75725-729@dH15@eCH007@f5 | |
| 现代实用写作原理/陈果安著.-长沙:中南工业大学出版社,1997.11 |
| 372页;32开 |
| ISBN 7-81061-040-6:12.00元 |
| ● |
| 相关链接 |
|
|
|
正题名:现代实用写作原理
索取号:H15/CH007
 
预约/预借
| 序号 | 登录号 | 条形码 | 馆藏地/架位号 | 状态 | 备注 |
| 1 | 75725 | 200757252 | 语言库209/209语言库 73排4列3层/ [索取号:H15/CH007] | 在馆 | |
| 2 | 75726 | 200757261 | 语言库209/400B社科库 6排1列5层/ [索取号:H15/CH007] | 在馆 | |
| 3 | 75727 | 200757270 | 语言库209/400B社科库 9排2列3层/ [索取号:H15/CH007] | 在馆 | |
| 4 | 75728 | 200757289 | 语言库209/400B社科库 9排2列3层/ [索取号:H15/CH007] | 在馆 | |
| 5 | 75729 | 200757298 | 语言库209/400B社科库 6排1列5层/ [索取号:H15/CH007] | 在馆 |